000
00252nam a2200097Ia 4500
001
762821
005
20250826165233.0
008
250824s9999 xx 000 0 und d
245
0
_a
POLLYANNA
_c
ELEANOR H. PORTER
260
_b
TÜRKİYE İŞ BANKASI YAYINLARI
999
_c
762821
_d
762821